| 000 | 00677nam a22002177a 4500 | ||
|---|---|---|---|
| 003 | DO-SdBNP | ||
| 005 | 20240228130358.0 | ||
| 007 | ta | ||
| 008 | 210804b 2014 dr ac 00| 0 eng d | ||
| 020 | _a9789945004205 | ||
| 040 |
_aDO-SdBNP _bspa _cBNPHU |
||
| 082 | 4 | _222 | |
| 100 | 1 |
_aGómez Rosa, Alexis, _d1950- _923501 |
|
| 245 | 1 | 0 |
_aProsas de un peso welter : _b147 libras en formato de libro / _cAlexis Gómez Rosa ; ilustraciones Wylber Familia. |
| 260 |
_aSanto Domingo : _bGente, _c2014. |
||
| 300 |
_a177 p. : _bil. ; retrs. ; _c23 cm. |
||
| 590 | _aInventariado, 2021 /LP | ||
| 700 | 1 |
_aFamilia, Wylber, _e il. _979396 |
|
| 910 | _aLopérez | ||
| 942 |
_2ddc _cLBS1 |
||
| 999 |
_c50180 _d50180 |
||